Packaging - Indonesia : November 2008.
| Format: | Book |
|---|---|
| Published: |
London:
Euromonitor International,
2008.
|
| Series: | Country market insight : November 2008
|
| Subjects: |
| LEADER | 00460cam a2200145 7i4500 | ||
|---|---|---|---|
| 001 | 0000023284 | ||
| 005 | 20090722090000.0 | ||
| 090 | 0 | 0 | |a SR 658.564 |b PAC |
| 245 | 0 | 0 | |a Packaging - Indonesia : |b November 2008. |
| 260 | 0 | 0 | |a London: |b Euromonitor International, |c 2008. |
| 300 | # | # | |a 24 p. |
| 440 | 0 | 0 | |a Country market insight : November 2008 |
| 650 | 0 | 0 | |a Packaging -- |x Markets -- |z Indonesia |
| 651 | 0 | 0 | |a Indonesia |
| 999 | |a B000024937 |b Book |c Services |e Business Information Centre | ||